Gonzalo Rojas y Joao Cabral de Melo Neto

Uloženo v:
Podrobná bibliografie
Korporativní autor: Embajada de Brasil (Autor)
Médium: Kniha
Jazyk:španělština
portugalština
Vydáno: Santiago Lom 2005
Vydání:1a. ed
Témata:
Tagy: Přidat tag
Žádné tagy, Buďte první, kdo vytvoří štítek k tomuto záznamu!

MARC

LEADER 00000cam a2200000 a 4500
001 UCC4532
003 CL-VaPUC
008 180810e20050000cl |||||||||||||||||spa|d
020 |a 9568465014 
041 0 7 |a spa  |2 CL-VaPUC 
041 0 7 |a por  |2 CL-VaPUC 
082 0 4 |a Ch861  |b EMB  |2 21 
110 2 |a Embajada de Brasil  |e author  |9 598755 
245 1 0 |a Gonzalo Rojas y Joao Cabral de Melo Neto 
250 |a 1a. ed 
300 |a 177 p 
942 |c BK 
945 |d 20180810 15:16:00  |a dcastane 
260 |a Santiago  |b Lom  |c 2005 
650 0 |a Poesía chilena   |9 268403 
650 7 |a POESIAS BRASILENAS  |2 CL-VaPUC  |9 267764 
650 0 |a Poetas chilenos  |9 326722 
583 |a last modification  |c 20180810 15:16:00  |k Rodrigo Vera 
999 |c 372025  |d 372023 
952 |0 0  |1 0  |3 erb  |4 0  |6 CH_861_000000000000000_EMB_2005  |7 0  |8 A  |9 489249  |a BIBEDU  |b BIBEDU  |c ES_NOD  |i 5486513  |o Ch861 EMB 2005  |p 5486513  |r 2023-08-09  |w 2019-11-24  |y BK  |z Catalogado en:20180810  |k LIT